00471 a2200145 4500003000400000005001700004008004100021020001800062040000900080082001700089100002300106245012600129260005600255300001400311OSt20250702151501.0250702b |||||||| |||| 00| 0 eng d a9788197654626 coclc a307.3bANT/E aAntony Reji, Beena aEmpowering Communities:bCommunity development through student outreach and internship /cBeena Antony Reji, Pooja Khanna aChennai:bAne Publishers & Distributors LLP,c2025. a236 pages